March Madness 2nd Round Winners - Statistics

General Stats
  • This quiz has been taken 130 times
  • The average score is 11 of 16
Answer Stats
Region Seed Team Who They Beat Score % Correct
East #1 North Carolina #9 Providence 85-66
89%
South #1 Kansas #9 Connecticut 73-61
84%
West #4 Duke #12 Yale 71-64
82%
South #2 Villanova #7 Iowa 87-68
79%
West #1 Oregon #8 St. Joseph's 69-64
77%
Midwest #11 Gonzaga #3 Utah 82-59
76%
Midwest #1 Virginia #9 Butler 77-69
76%
Midwest #10 Syracuse #15 Middle Tennessee 75-50
74%
East #7 Wisconsin #2 Xavier 66-63
74%
West #2 Oklahoma #10 VCU 85-81
73%
East #6 Notre Dame #14 Stephen F. Austin 76-75
63%
West #3 Texas A&M #11 Northern Iowa 92-88
63%
Midwest #4 Iowa State #12 Arkansas Little Rock 78-61
60%
East #5 Indiana #4 Kentucky 73-67
58%
South #3 Miami #11 Wichita St. 65-57
53%
South #5 Maryland #13 Hawaii 73-60
52%
No matching quizzes found
Score Distribution
Percent of People with Each Score
Percentile by Number Answered
Your Score History
You have not taken this quiz